000 00815nam a22002177a 4500
999 _c1687
_d1687
003 AR-CdUCM
008 190227b ||||| |||| 00| 0 spa d
040 _aMUNICIPALIDAD PROVINCIAL DEL CUSCO
_cBIBLIOTECA MUNICIPAL DEL CUSCO
082 _a985.009 /
_bL68
100 _aLituma Portocarrero Luis,
_96250
245 _aLuna Pizarro - González Vigil /
260 _aLima :
_bEditorial Universitaria, Editorial Litográfica "La Confianza",
_c1965.
300 _a151 páginas ;
_bIlustraciones.
_c19 cm.
440 _aBiblioteca hombres del Perú
_n22
_96251
505 _aPreparación para altos destinos -- El prócer de la independencia -- El pastor ...
650 _aPerú.
_935
650 _aBiografías históricas.
_96252
650 _aSiglo XVIII.
_9837
942 _2ddc
_cLIBROS
945 _amvr
_d2019-02-27